000 00766nam a2200265 i 4500
001 C2-0327868
003 PPAK
005 20180728125415.0
008 140713s2008 my a|||| ||||| | may d
020 _a9789675122088
040 _aPPAK
_beng
_cPPAK
_erda
082 0 4 _a899.233
_223
090 0 0 _a899.233
_bABD
_dK
100 0 _aAbdul Rahman Khalid,
_eauthor
245 1 0 _aKembara Alim & Alia di dunia komputer
264 1 _aIpoh, Perak :
_bProduksi Nur-Johan ,
_c2008
300 _a10 pages :
_bcolour illustrations ;
_c26 cm
336 _2rdacontent
_atext
337 _2rdamedia
_aunmediated
338 _2rdacarrier
_avolume
490 1 _aSiri kembara A & A
650 1 0 _aChildren's stories, Malay.
830 0 _aSiri kembara A & A
942 _ddc
_cB
999 _c127396
_d127396